Cámaras oficiales de la propiedad urbana (Record no. 138996)

MARC details
000 -LEADER
campo de control de longitud fija 00531nam a2200157 4500
001 - NÚMERO DE CONTROL
campo de control 138996
003 - IDENTIFICADOR DE NÚMERO DE CONTROL
campo de control ES-MaACL
005 - FECHA Y HORA DE LA ÚLTIMA TRANSACCIÓN
campo de control 20230906195701.0
007 - CAMPO FIJO DE DESCRIPCIÓN FÍSICA--INFORMACIÓN GENERAL
campo de control de longitud fija t|
008 - DATOS DE LONGITUD FIJA--INFORMACIÓN GENERAL
campo de control de longitud fija 070214m19151917sp r ||||1| spa d
100 1# - ENTRADA PRINCIPAL--NOMBRE DE PERSONA
Nombre de persona Saracibar, S. Julio.
9 (RLIN) 103745
245 10 - MENCIÓN DEL TÍTULO
Título Cámaras oficiales de la propiedad urbana
Resto del título : legislación, congresos de la propiedad, organización de la propiedad, notas finales /
Mención de responsabilidad, etc. S. Julio Saracibar.
260 ## - PUBLICACIÓN, DISTRIBUCIÓN, ETC.
Lugar de publicación, distribución, etc. Madrid :
Nombre del editor, distribuidor, etc. Ricardo Rojas,
Fecha de publicación, distribución, etc. 1915-17.
300 ## - DESCRIPCIÓN FÍSICA
Extensión 2 v. ;
Dimensiones 24 cm.
852 ## - LOCALIZACIÓN
Ubicación ES-MaACL
Número de control de estantería F-966-67
Holdings
Estatus retirado Estado de pérdida Estado de daño No para préstamo Biblioteca de origen Biblioteca actual Ubicación en estantería Fecha de adquisición Fuente de adquisición Total de préstamos Signatura topográfica completa Código de barras Visto por última vez Precio de reemplazo Tipo de ítem Koha
        Biblioteca del Ateneo de Madrid Biblioteca del Ateneo de Madrid Sala Pecera Planta 2 17/01/2008     F-966-67 1144644 23/02/2023 23/02/2023 Libro impreso